000 00614nam a2200205Ia 4500
005 20240530110928.0
008 140319s2008 ua a g 000 0 ara d
017 _a2008/4719
040 _aGCL /
_cGCL
082 0 4 _a904.7\
_bن أ
100 0 _aنهرو
245 1 0 _aاشهر الثورات الكبرى فى التاريخ /
_cنهرو
250 _aط. 1
260 _aالقاهرة :
_bدار نون،
_c2008
300 _a174 ص. ؛
_c24 سم.
650 0 4 _aالثورات
650 0 4 _aالاضطرابات السياسية
942 _2ddc
_cBK
999 _c66597
_d66597